[Event "CZE-tht Extraliga 2018-19"]
[Site "Czech Republic"]
[Date "2019.01.12"]
[Round "5"]
[White "Nguyen, Thai Dai Van"]
[Black "Huschenbeth, Niclas"]
[Result "1-0"]
[WhiteElo "2556"]
[BlackElo "2591"]
[Annotator "TA"]
[PlyCount "95"]
[EventDate "2018.11.03"]
[EventType "team-tourn"]
[EventCountry "CZE"]
[SourceTitle "playchess.com"]
[Source "ChessBase"]
[SourceQuality "1"]
[WhiteTeam "Siesta"]
[BlackTeam "Duras"]

{[%evp 19,95,35,32,42,34,28,23,21,25,24,47,14,10,2,20,30,32,33,60,60,108,108,114,115,150,146,151,149,158,121,145,124,125,125,133,129,141,150,133,146,175,177,177,192,187,174,183,171,271,261,255,220,223,221,219,223,223,225,253,226,226,222,261,260,252,244,267,248,277,277,299,289,315,306,372,398,422,424]} 1. e4 e5 2. Nf3 Nc6 3. Bb5 a6 4. Ba4 Nf6 5. O-O d6 6. Bxc6+ bxc6 7. d4 exd4 8. Nxd4 c5 9. Nc6 {C79: Ruy Lopez: Steinitz-type lines with 3...a6 4 Ba4 Nf6 5 0-0 d6} Qd7 10. Na5 Qa4 {LiveBook: 5 Games} 11. Qe1 {White is slightly better.} (11. Bd2 Nxe4 12. Nc3 Nxc3 13. Bxc3 Be6 14. Qf3 d5 15. Rfe1 O-O-O 16. b3 Qb5 {½-½ (75) Grischuk,A (2766)-Kramnik,V (2792) Paris 2018}) 11... Be7 (11... Qxe4 $2 12. Qxe4+ Nxe4 13. Re1 $18) 12. c4 O-O 13. Bd2 $146 ({Predecessor:} 13. b3 Qe8 14. Bb2 Bd8 15. e5 Ng4 16. Qe4 Rb8 {1-0 (40) Smirnov,A (2523)-Bartel,M (2604) Warsaw 2018}) 13... Re8 14. f3 Be6 15. Bc3 Nh5 ({But not} 15... Bxc4 $2 16. b3 $18) 16. Qd2 Bf6 ({Not} 16... Bxc4 $2 17. b3 $18) (16... h6 {is more complex.} 17. Na3 Rab8 18. Nc2 Bg5 19. Ne3 Nf4) 17. Bxf6 Nxf6 18. b3 Qd7 19. Nc3 c6 {[#]} 20. e5 $1 $36 {[%cal Re5f6][%mdl 2560] Black is under strong pressure.} dxe5 21. Qxd7 Nxd7 22. Rad1 Rac8 23. Rd6 Nb8 24. Nb7 h5 25. Nxc5 Bf5 26. Rfd1 Kf8 27. N3e4 Ke7 28. R6d2 Bxe4 29. Nxe4 {Hoping for Nd6.} Rh8 30. Nd6 Rc7 31. f4 f6 32. fxe5 fxe5 33. Rf1 Ke6 (33... Rf8 $142 34. Nf5+ {[%mdl 64] Double Attack} Ke8) 34. Ne4 $18 {Threatens to win with Ng5+.} Ke7 35. Ng5 {White threatens Rf7+ and mate.} Ke8 36. Ne6 Rd7 37. Re2 Rf7 38. Rxe5 Rxf1+ 39. Kxf1 {[%mdl 4096] Endgame KRN-KRN} Kf7 40. Nc5 h4 41. Ke2 Kf6 42. Nd3 g5 43. Ra5 g4 44. Nf2 Re8+ 45. Kd3 Rd8+ 46. Ke3 Re8+ 47. Kf4 Re2 48. Nxg4+ {Accuracy: White = 82%, Black = 48%.} 1-0

[Event "CZE-tht Extraliga 2018-19"]
[Site "Czech Republic"]
[Date "2019.01.12"]
[Round "5"]
[White "Heberla, Bartlomiej"]
[Black "Navara, David"]
[Result "1/2-1/2"]
[WhiteElo "2550"]
[BlackElo "2738"]
[Annotator "TA"]
[PlyCount "88"]
[EventDate "2018.11.03"]
[EventType "team-tourn"]
[EventCountry "CZE"]
[SourceTitle "playchess.com"]
[Source "ChessBase"]
[SourceQuality "1"]
[WhiteTeam "Brno"]
[BlackTeam "Novoborsky"]

{[%evp 23,88,0,8,5,14,6,10,7,62,61,54,59,76,74,84,85,93,93,85,81,162,31,25,24,25,25,25,25,21,13,18,8,8,8,10,9,25,12,13,0,12,19,16,0,0,0,0,0,0,0,90,0,0,0,25,0,0,0,0,0,0,0,0,0,0,0,0]} 1. e4 c5 2. Nf3 d6 3. d4 cxd4 4. Nxd4 Nf6 5. Nc3 a6 6. Be2 e5 7. Nf3 Be7 8. Bg5 Be6 9. Bxf6 Bxf6 10. O-O O-O 11. Nd5 {B92: Sicilian Najdorf: 6 Be2} Nd7 12. Bc4 Rc8 {LiveBook: 5 Games} 13. Bb3 Nc5 14. Nxf6+ Qxf6 15. Qxd6 {[#]} Nxe4 $146 ({Black should play} 15... Bxb3 $11 16. Qxf6 gxf6 17. axb3 Nxe4) ({Predecessor:} 15... Bxb3 16. Qxf6 gxf6 17. axb3 Nxe4 18. Rfe1 Nd6 {½-½ (62) Rogic,D (2511)-Saric,I (2662) Mali Losinj 2017}) 16. Qxe5 $14 Qxe5 17. Nxe5 Bxb3 18. cxb3 Rc2 {[#]} 19. f3 $1 {[%cal Rf3e4]} f6 {next ...Nd2 is good for Black.} 20. Nc4 ({But not} 20. fxe4 $6 fxe5 21. Rxf8+ Kxf8 $11) 20... Nc5 21. Rac1 Re2 {[#]} (21... Rxc1 $16 22. Rxc1 Rd8) 22. Rfe1 (22. Rfd1 $1 $18) 22... Nd3 $1 {[%cal Rd3e1]} 23. Rxe2 Nxc1 $11 {[%mdl 4096] Endgame KRN-KRN} 24. Re6 Nxa2 25. Rb6 Rf7 26. Nd6 Rd7 27. Nxb7 Rd1+ 28. Kf2 Rd2+ 29. Kg3 Rxb2 30. Nd6 {[%cal Rb6b8]} h5 31. Rb8+ Kh7 32. Rb7 {Black should prevent Nf5.} Nc1 33. Nf5 Kg6 34. Nh4+ Kh6 35. Nf5+ Kg5 36. Nd4 h4+ 37. Kh3 g6 38. Rd7 f5 39. Rd6 Kh5 {Strongly threatening ...Nd3.The position is equal.} 40. g4+ hxg3 41. hxg3 Ne2 {( -> ...Ng1#)} 42. Nxe2 Rxe2 43. Rxa6 Re3 44. f4 Rxb3 {Precision: White = 69%, Black = 56%.} 1/2-1/2

[Event "CZE-tht Extraliga 2018-19"]
[Site "Czech Republic"]
[Date "2019.01.12"]
[Round "5"]
[White "Plat, Vojtech"]
[Black "Simacek, Pavel"]
[Result "1-0"]
[WhiteElo "2550"]
[BlackElo "2478"]
[Annotator "ChessBase"]
[PlyCount "67"]
[EventDate "2018.11.03"]
[EventType "team-tourn"]
[EventCountry "CZE"]
[SourceTitle "playchess.com"]
[Source "ChessBase"]
[SourceQuality "1"]
[WhiteTeam "Lysa nad Labem"]
[BlackTeam "Turnov"]
[TimeControl "40/5400+30:1800+30"]

1. e4 {[%emt 0:00:00]} e5 {[%emt 0:00:00]} 2. Nf3 {[%emt 0:00:00]} Nc6 {[%emt 0:00:06]} 3. Bb5 {[%emt 0:00:00]} a6 {[%emt 0:00:04]} 4. Ba4 {[%emt 0:00:00]} Nf6 {[%emt 0:00:05]} 5. O-O {[%emt 0:00:01]} Nxe4 {[%emt 0:00:12]} 6. Re1 {[%emt 0:02:31]} Nc5 {[%emt 0:00:15]} 7. Bxc6 {[%emt 0:00:10]} dxc6 {[%emt 0:00:10]} 8. d4 {[%emt 0:00:11]} Ne6 {[%emt 0:00:54]} 9. Nxe5 {[%emt 0:00:04]} Be7 {[%emt 0:00:52]} 10. Be3 {[%emt 0:01:32]} O-O {[%emt 0:02:01]} 11. Nc3 {[%emt 0:00:10]} Bf6 {[%emt 0:14:53]} 12. f4 {[%emt 0:01:37]} g6 {[%emt 0:02:24]} 13. Ne4 {[%emt 0:05:28]} Ng7 {[%emt 0:07:22]} 14. d5 {[%emt 0:03:27]} cxd5 {[%emt 0:09:05]} 15. Qxd5 {[%emt 0:02:33]} Be7 {[%emt 0:05:40]} 16. Qa5 {[%emt 0:06:43]} Bf5 {[%emt 0:02:29]} 17. Rad1 {[%emt 0:01:39]} Qc8 {[%emt 0:00:07]} 18. Nc3 {[%emt 0:02:49]} Bxc2 {[%emt 0:07:10]} 19. Rd7 {[%emt 0:09:27]} Bd6 {[%emt 0:02:03]} 20. Nd5 {[%emt 0:00:37]} Nf5 {[%emt 0:05:53]} 21. Qc3 {[%emt 0:03:08]} Ba4 {[%emt 0:18:03]} 22. Nf6+ {[%emt 0:00:26]} Kg7 {[%emt 0:00:04]} 23. Neg4 {[%emt 0:01:04]} h6 {[%emt 0:00:37]} 24. Ne4+ {[%emt 0:14:37]} Kh7 {[%emt 0:01:16]} 25. Ngf6+ {[%emt 0:03:39]} Kh8 {[%emt 0:00:36]} 26. Nxd6 {[%emt 0:06:43]} cxd6 {[%emt 0:01:39]} 27. Rc7 {[%emt 0:00:09]} Qd8 {[%emt 0:00:58]} 28. Bb6 {[%emt 0:04:49]} d5 {[%emt 0:11:12]} 29. Nxd5+ {[%emt 0:00:06]} Kg8 {[%emt 0:00:03]} 30. Rc5 {[%emt 0:04:03]} Qh4 {[%emt 0:02:18]} 31. Nf6+ {[%emt 0:00:05]} Kh8 {[%emt 0:00:06]} 32. Rxf5 {[%emt 0:00:03]} gxf5 {[%emt 0:00:07]} 33. Bf2 {[%emt 0:00:02]} Rac8 {[%emt 0:00:45]} 34. Qe5 {[%emt 0:00:22]} 1-0

[Event "CZE-tht Extraliga 2018-19"]
[Site "Czech Republic"]
[Date "2019.01.12"]
[Round "5"]
[White "Sadzikowski, Daniel"]
[Black "Michalik, Peter"]
[Result "0-1"]
[WhiteElo "2534"]
[BlackElo "2555"]
[Annotator "TA"]
[PlyCount "106"]
[EventDate "2018.11.03"]
[EventType "team-tourn"]
[EventCountry "CZE"]
[SourceTitle "playchess.com"]
[Source "ChessBase"]
[SourceQuality "1"]
[WhiteTeam "Duras"]
[BlackTeam "Siesta"]

{[%evp 24,106,22,16,27,11,8,8,9,8,6,16,22,2,70,85,73,3,29,0,10,0,7,0,0,-6,-16,-54,-62,-56,-52,-89,-81,-130,-131,-175,-153,-124,-145,-179,-177,-278,-287,-266,-198,-197,-208,-197,-117,-112,-100,-166,-159,-232,-139,-162,-134,-134,-101,-102,-101,-101,-101,-101,-101,-101,-76,-125,-94,-336,-330,-508,-435,-469,-430,-29968,-1718,-29974,-29973,-29988,-29989,-29989,-29986,-29990,-29973]} 1. e4 c5 2. Nf3 Nc6 3. d4 cxd4 4. Nxd4 Nf6 5. Nc3 e5 6. Ndb5 d6 7. Nd5 Nxd5 8. exd5 Nb8 9. a4 Be7 10. Be2 O-O 11. O-O a6 12. Na3 Nd7 {B33: Sicilian: Pelikan and Sveshnikov Variations} 13. Nc4 {LiveBook: 7 Games} a5 14. Kh1 (14. Be3 f5 15. f4 e4 16. c3 b6 17. Na3 Bb7 18. Nb5 Rf7 19. Bc4 g6 20. Qe2 Nf6 21. Rad1 Ng4 {½-½ (21) Larsen,S (2498)-Fischer,W (2518) ICCF email 2011}) 14... Nb6 {The position is equal.} 15. Nxb6 Qxb6 16. Bb5 f5 $146 ({Predecessor:} 16... Bf5 17. Be3 {1-0 (62) Haubro,M (2221)-Stojanovski,S (2289) Valby 2013}) 17. f4 Bf6 18. Ra3 exf4 (18... Qd8 $11) 19. Bxf4 $14 Qc7 20. Rb3 (20. c4 $16) 20... Bd7 $11 21. Bxd7 Qxd7 22. Rb6 Rfe8 23. Rxd6 Qxa4 24. b3 Qe4 25. Rxf6 gxf6 26. d6 Rad8 27. Bg3 Kg7 $1 28. c4 Kg6 29. c5 Qe2 30. Qb1 Re4 31. Re1 Qg4 32. Rd1 (32. Rf1 {was necessary.}) 32... Re2 $19 33. Kg1 h5 {White must now prevent ...h4.} ({Resist} 33... Qe4 34. Bf2 $17) 34. Qd3 Qe4 35. Qxe4 Rxe4 {[%mdl 4096] Endgame KRR-KRB} (35... fxe4 $19 36. Be1 Ra2) 36. Be1 $17 a4 37. Ba5 (37. bxa4 $17 {was called for.} Rxa4 38. Rd5) 37... Rd7 $19 38. b4 (38. bxa4 $17 {is a better defense.} Rxa4 39. Bb6) 38... Kf7 ({Black should try} 38... a3 $19 {Hoping for ...Re2.} 39. Kf1 Re3) 39. Ra1 $17 b5 40. cxb6 Ke6 ({Worse is} 40... Rxd6 41. b7 $16) 41. Rxa4 Kxd6 42. Ra2 Kc6 43. Rc2+ Kb7 44. Kf2 Red4 {Threatens to win with ...Rd2+.} 45. Ke3 Rd1 46. Kf4 $2 (46. Rc7+ $17 {might work better.} Rxc7 47. bxc7) 46... Rf1+ $19 47. Kg3 (47. Ke3 {was the only chance.} Re7+ 48. Kd3) 47... Rg7+ $1 48. Kh3 {[#]} f4 $1 49. Kh4 (49. Rc3 $19 Re1 50. g3) 49... Rg1 (49... Rh1 $142 50. h3 Rh2 51. Rc7+ Rxc7 52. bxc7 Rxg2 53. Bb6 f3 54. Kxh5 f2 55. Bxf2 Rxf2 56. Kg6 Rf4 57. Kf7 Kxc7 58. Ke7 Rf3 59. h4 Rh3 60. h5 f5 61. Kf6 f4 62. Kg5 f3 63. Kg4 {[#]} f2 $1 {[%mdl 512]} 64. Kxh3 f1=Q+ 65. Kg3 Qf5 66. Kh4 Qf4+ {[%mdl 64] Double Attack} 67. Kh3 Qxb4 68. Kg2 Qg4+ 69. Kh2 Qh4+ 70. Kg2 Kd6 71. Kf3 Ke5 72. h6 Qxh6 73. Kf2 Ke4 74. Kg3 Ke3 75. Kg4 Qg6+ 76. Kh4 Kf3 77. Kh3 Qh7#) 50. h3 R1xg2 {Black mates.} 51. Rc4 {[#]} R7g4+ $1 {[%mdl 512]} 52. Kxh5 (52. hxg4 Rh2#) 52... Rg5+ 53. Kh4 Rg7 {Accuracy: White = 37%, Black = 54%.} 0-1

[Event "CZE-tht Extraliga 2018-19"]
[Site "Czech Republic"]
[Date "2019.01.12"]
[Round "5"]
[White "Zilka, Stepan"]
[Black "Vymazal, Bronislav"]
[Result "1/2-1/2"]
[WhiteElo "2528"]
[BlackElo "2358"]
[Annotator "ChessBase"]
[PlyCount "93"]
[EventDate "2018.11.03"]
[EventType "team-tourn"]
[EventCountry "CZE"]
[SourceTitle "playchess.com"]
[Source "ChessBase"]
[SourceQuality "1"]
[WhiteTeam "Novoborsky"]
[BlackTeam "Brno"]
[TimeControl "40/5400+30:1800+30"]

1. Nf3 {[%emt 0:00:00]} f5 {[%emt 0:00:07]} 2. d3 {[%emt 0:03:20]} Nc6 {[%emt 0:14:47]} 3. e4 {[%emt 0:00:13]} e5 {[%emt 0:01:56]} 4. Nc3 {[%emt 0:11:24]} Nf6 {[%emt 0:05:14]} 5. exf5 {[%emt 0:10:10]} d5 {[%emt 0:00:44]} 6. d4 {[%emt 0:03:50]} exd4 {[%emt 0:14:49]} 7. Nxd4 {[%emt 0:00:13]} Nxd4 {[%emt 0:01:47]} 8. Qxd4 {[%emt 0:00:02]} Bxf5 {[%emt 0:00:41]} 9. Bg5 {[%emt 0:00:41]} Bxc2 {[%emt 0:18:42]} 10. Rc1 {[%emt 0:23:47]} Bg6 {[%emt 0:00:50]} 11. Bd3 {[%emt 0:10:40]} Bxd3 {[%emt 0:03:14]} 12. Qxd3 {[%emt 0:00:13]} c6 {[%emt 0:01:06]} 13. O-O {[%emt 0:00:08]} Be7 {[%emt 0:01:47]} 14. Rfe1 {[%emt 0:04:17]} O-O {[%emt 0:00:46]} 15. Qh3 {[%emt 0:00:50]} Rf7 {[%emt 0:08:27]} 16. Rcd1 {[%emt 0:04:22]} Qf8 {[%emt 0:09:51]} 17. Qe6 {[%emt 0:01:44]} Kh8 {[%emt 0:00:50]} 18. Be3 {[%emt 0:07:24]} Bd6 {[%emt 0:00:53]} 19. g3 {[%emt 0:00:43]} Re8 {[%emt 0:00:23]} 20. Qh3 {[%emt 0:00:02]} Rfe7 {[%emt 0:01:06]} 21. Qf1 {[%emt 0:01:16]} b6 {[%emt 0:00:45]} 22. Bg5 {[%emt 0:01:02]} Bc5 {[%emt 0:00:30]} 23. Rxe7 {[%emt 0:00:49]} Qxe7 {[%emt 0:00:49]} 24. Na4 {[%emt 0:01:39]} Bd6 {[%emt 0:00:56]} 25. Rc1 {[%emt 0:00:53]} b5 {[%emt 0:02:32]} 26. Nc3 {[%emt 0:00:01]} a6 {[%emt 0:00:12]} 27. Nd1 {[%emt 0:02:47]} c5 {[%emt 0:03:19]} 28. Ne3 {[%emt 0:00:10]} d4 {[%emt 0:00:34]} 29. Nc2 {[%emt 0:03:40]} Qf7 {[%emt 0:02:02]} 30. Bxf6 {[%emt 0:01:33]} Qxf6 {[%emt 0:00:06]} 31. Re1 {[%emt 0:01:27]} Rxe1 {[%emt 0:00:31]} 32. Qxe1 {[%emt 0:00:09]} Qe5 {[%emt 0:00:19]} 33. Qa5 {[%emt 0:00:17]} h6 {[%emt 0:02:24]} 34. Qxa6 {[%emt 0:00:02]} c4 {[%emt 0:00:27]} 35. a4 {[%emt 0:03:31]} d3 {[%emt 0:00:53]} 36. Ne3 {[%emt 0:00:06]} d2 {[%emt 0:00:15]} 37. axb5 {[%emt 0:03:18]} Kh7 {[%emt 0:02:05]} 38. Qc8 {[%emt 0:01:15]} Bc5 {[%emt 0:00:48]} 39. Nd1 {[%emt 0:00:15]} Qe1+ {[%emt 0:01:18]} 40. Kg2 {[%emt 0:00:02]} Qxd1 {[%emt 0:00:36]} 41. Qf5+ {[%emt 0:30:53]} Kg8 {[%emt 0:30:35]} 42. Qe6+ {[%emt 0:01:09]} Kf8 {[%emt 0:00:00]} 43. Qf5+ {[%emt 0:00:00]} Ke8 {[%emt 0:00:00]} 44. Qc8+ {[%emt 0:00:00]} Kf7 {[%emt 0:00:00]} 45. Qf5+ {[%emt 0:00:00]} Ke8 {[%emt 0:00:00]} 46. Qc8+ {[%emt 0:00:00]} Kf7 {[%emt 0:00:00]} 47. Qf5+ {[%emt 0:00:00]} 1/2-1/2

[Event "CZE-tht Extraliga 2018-19"]
[Site "Czech Republic"]
[Date "2019.01.12"]
[Round "5"]
[White "Votava, Jan"]
[Black "Kuba, Jindrich"]
[Result "1/2-1/2"]
[WhiteElo "2525"]
[BlackElo "2304"]
[Annotator "TA"]
[PlyCount "66"]
[EventDate "2018.11.03"]
[EventType "team-tourn"]
[EventCountry "CZE"]
[SourceTitle "playchess.com"]
[Source "ChessBase"]
[SourceQuality "1"]
[WhiteTeam "Pardubice"]
[BlackTeam "Siesta B"]

{[%evp 15,66,29,50,42,65,70,83,73,69,45,51,34,40,50,65,54,44,42,75,39,47,16,14,6,15,11,8,18,18,9,17,17,24,26,47,47,53,47,47,47,49,50,59,58,181,0,11,0,0,0,10,0,21]} 1. d4 Nf6 2. Nf3 e6 3. Bf4 c5 4. c3 Nc6 5. e3 d5 6. Nbd2 cxd4 7. exd4 Be7 8. Bd3 O-O 9. O-O {B13: Caro-Kann: Exchange Variation and Panov-Botvinnik Attack} b6 10. Ne5 (10. h3 Bb7 11. Qe2 h6 12. Rfe1 Rc8 13. Ne5 Nxe5 14. Bxe5 Bd6 15. Bxd6 Qxd6 16. a4 {½-½ (31) Simantsev,M (2424)-Alaz,A (2121) Marmaris 2018}) 10... Bb7 11. Qf3 {White is better.} Nxe5 12. Bxe5 Nd7 13. Qh3 {[%csl Gd3][%cal Rh3h7] [#]} g6 14. Bf4 Bf6 $146 ({Predecessor:} 14... a5 15. Rfe1 Ba6 16. Bxa6 Rxa6 {½-½ (28) Green,A (2074)-McKay,R (2322) Paisley 2018}) 15. Bh6 Re8 16. f4 a5 17. Nf3 Ba6 18. Ne5 Bxd3 19. Qxd3 Bg7 20. Bxg7 Kxg7 21. g4 Nxe5 22. fxe5 Qg5 23. Qg3 h5 24. Rf4 {[%cal Bf1f4,Bf4g4,Bg4g2][%mdl 32]} hxg4 25. Raf1 Ra7 $1 26. Rxg4 Qd2 $1 27. Qf3 {Black must now prevent Qf6+.} Rh8 $1 {[%csl Gh8][%cal Rd2h2]} 28. Rg2 $36 {[%mdl 2048] Black is under pressure.} Qh6 29. Qf6+ Kh7 {[#]} (29... Kg8 $1 $14) 30. Kh1 $2 (30. Rf4 $1 $18 {[%cal Rf4h4]} Kg8 31. c4) 30... Qg7 $11 {The position is equal.} 31. Qh4+ Qh6 32. Qf6 {Threatens to win with Rf4.} Qg7 33. Qh4+ Qh6 {Accuracy: White = 66%, Black = 59%.} 1/2-1/2

[Event "CZE-tht Extraliga 2018-19"]
[Site "Czech Republic"]
[Date "2019.01.12"]
[Round "5"]
[White "Jakubowski, Krzysztof"]
[Black "Antoniewski, Rafal"]
[Result "1/2-1/2"]
[WhiteElo "2522"]
[BlackElo "2517"]
[Annotator "TA"]
[PlyCount "35"]
[EventDate "2018.11.03"]
[EventType "team-tourn"]
[EventCountry "CZE"]
[SourceTitle "playchess.com"]
[Source "ChessBase"]
[SourceQuality "1"]
[WhiteTeam "Poruba"]
[BlackTeam "Beskydska"]

{[%evp 18,35,22,-39,-16,-31,-33,-39,-37,-48,-52,-46,-12,-40,0,0,0,0,0,0]} 1. d4 Nf6 2. c4 e6 3. Nf3 d5 4. Nc3 c6 5. e3 {[%cal Be2e3,Be3e4][%mdl 32]} Nbd7 6. Bd3 Bd6 7. O-O O-O 8. e4 dxc4 9. Bxc4 e5 10. a4 {LiveBook: 4 Games. D46: Semi-Slav: 5 e3 Nbd7 6 Bd3, Black avoids the Meran} (10. Be3 $11) (10. Be3 exd4 11. Bxd4 Qc7 12. Kh1 Ne5 13. Nxe5 Bxe5 14. Bxe5 Qxe5 15. f4 Qc5 16. Bd3 Rd8 17. Qf3 Be6 18. h3 Rxd3 19. Qxd3 {½-½ (37) Giri,A (2769)-Ding,L (2759) Shenzhen 2017}) 10... exd4 $15 11. Nxd4 Ne5 12. Be2 {Black is slightly better.} Re8 $146 ({Predecessor:} 12... Bc5 13. Nb3 Bb4 14. Qc2 Be6 15. Bg5 h6 16. Bh4 Ng6 17. Rfd1 {0-1 (38) Schloffer,J (1993)-Preck,H (2020) Austria 2017}) 13. Nf5 Bxf5 14. exf5 Bc5 15. Bf4 Qxd1 16. Rfxd1 {The position is equal.} a5 17. h3 h6 18. Kf1 1/2-1/2

[Event "CZE-tht Extraliga 2018-19"]
[Site "Czech Republic"]
[Date "2019.01.12"]
[Round "5"]
[White "Ftacnik, Lubomir"]
[Black "Najer, Evgeniy"]
[Result "0-1"]
[WhiteElo "2512"]
[BlackElo "2670"]
[Annotator "TA"]
[PlyCount "82"]
[EventDate "2018.11.03"]
[EventType "team-tourn"]
[EventCountry "CZE"]
[SourceTitle "playchess.com"]
[Source "ChessBase"]
[SourceQuality "1"]
[WhiteTeam "Turnov"]
[BlackTeam "Lysa nad Labem"]

{[%evp 10,82,18,6,76,61,75,-23,-24,-66,-63,-61,-65,-69,-69,-68,-56,-55,-60,-72,-73,-72,-54,-77,-50,-52,-49,-115,-104,-164,-147,-136,-145,-175,-173,-170,-160,-164,-170,-182,-177,-167,-152,-199,-195,-208,-198,-198,-196,-196,-194,-208,-207,-204,-175,-185,-194,-207,-172,-187,-171,-197,-194,-193,-189,-193,-185,-221,-207,-216,-209,-391,-391,-371,-332]} 1. Nf3 d5 2. e3 c5 3. c4 d4 4. b4 dxe3 5. fxe3 cxb4 6. d4 {LiveBook: 39 Games} a5 $146 {[#] A09: Réti Opening: 1 Nf3 d5 2 c4} (6... e6 $11 {keeps the balance.}) ({Predecessor:} 6... Nf6 7. Bd3 g6 8. a3 bxa3 9. O-O Bg7 10. Nc3 O-O 11. Bxa3 b6 12. Kh1 Nc6 13. Rc1 Bg4 14. h3 Bxf3 15. Qxf3 {1-0 (45) Wei,Y (2735)-Inarkiev,E (2690) Magas 2018}) 7. a3 $1 $16 e6 8. axb4 (8. c5 $16) 8... Bxb4+ $11 {Black has an edge.} 9. Bd2 Nc6 10. Nc3 Nf6 11. Bd3 b6 12. O-O Bb7 13. Rb1 O-O 14. Na2 {[%cal Ra2b4]} Bxd2 15. Qxd2 Rb8 16. Rb3 Ba8 17. Rfb1 {[#]} e5 $1 {[%mdl 512] White must now prevent ...e4.} 18. Bc2 (18. Bf1 $15) (18. dxe5 Ng4) 18... a4 $17 19. Rc3 {[#]} (19. Ra3 $17) 19... exd4 $1 $19 20. exd4 Na5 {[%cal Bc6a5,Ba5c4,Bc4b2][%mdl 32]} 21. Re1 Bxf3 22. Rxf3 Nxc4 23. Qd3 Nb2 24. Qc3 {[#]} a3 $1 25. Nb4 {Black should prevent Nc6.} (25. Qxa3 Qxd4+) 25... Qd6 26. Qxa3 Qxd4+ 27. Kh1 Rfe8 28. Ref1 {next Nc6 is good for White.} Rbc8 29. Bf5 Nc4 30. Qc3 Qxc3 31. Rxc3 Nd2 32. Rxc8 Rxc8 ({Don't do} 32... Nxf1 33. Rxe8+ Nxe8 34. Nd5 $17) 33. Rd1 Re8 34. Kg1 Nc4 {Hoping for ...Ne3.} 35. Rc1 Ne3 36. Bd3 g6 37. Rc7 Neg4 38. g3 Re1+ 39. Kg2 Rd1 {...Rd2+ is the strong threat.} 40. h3 $2 (40. Re7 {was the only defense.}) 40... Rd2+ 41. Kg1 Ne5 {Accuracy: White = 38%, Black = 74%.} 0-1

[Event "CZE-tht Extraliga 2018-19"]
[Site "Czech Republic"]
[Date "2019.01.12"]
[Round "5"]
[White "Polak, Tomas"]
[Black "Shirov, Alexei"]
[Result "1/2-1/2"]
[WhiteElo "2508"]
[BlackElo "2658"]
[Annotator "TA"]
[PlyCount "67"]
[EventDate "2018.11.03"]
[EventType "team-tourn"]
[EventCountry "CZE"]
[SourceTitle "playchess.com"]
[Source "ChessBase"]
[SourceQuality "1"]
[WhiteTeam "Brno"]
[BlackTeam "Novoborsky"]

{[%evp 24,67,0,-13,21,-4,4,0,0,0,0,0,0,0,0,0,0,0,0,0,0,0,0,0,0,0,0,0,0,0,0,0,0,0,0,0,0,0,0,0,0,0,0,0,0,0]} 1. d4 Nf6 2. c4 c6 3. Nc3 d5 4. e3 Nbd7 5. Nf3 e6 6. Qc2 Bd6 7. b3 O-O 8. Be2 b6 9. O-O Bb7 10. Bb2 Qe7 11. Rad1 Rad8 12. Rfe1 Rfe8 13. h3 {[#] LiveBook: 20 Games. The position is equal. D45: Semi-Slav: 5 e3} (13. e4 Nxe4 14. Nxe4 dxe4 15. Qxe4 Bb4 16. Rf1 Bd6 17. Rfe1 Bb4 18. Rf1 Bd6 19. Rfe1 Bb4 {½-½ (19) Radjabov,T (2748)-Carlsen,M (2843) Shamkir 2018}) 13... Nf8 $146 {[%cal Bd7f8,Bf8g6,Bg6h4][%mdl 32]} ({Predecessor:} 13... h6 14. Qb1 Bb4 15. Rf1 Bd6 16. Rfe1 Bb4 17. Rf1 Bd6 {½-½ (17) Ivanchuk,V (2728)-Duda,J (2707) Tbilisi 2017}) 14. a3 Ng6 15. b4 dxc4 16. e4 $1 {[%cal Re4e5] e5 is the strong threat.} e5 17. Bxc4 exd4 18. Nxd4 Nh4 19. e5 Bxe5 20. Nf5 Nxf5 21. Qxf5 {Strongly threatening Rxd8.} Rxd1 22. Nxd1 {[#]} Bh2+ $1 {[%mdl 576] Discovered Attack} 23. Kxh2 Qxe1 24. Bxf6 gxf6 ({Wrong is} 24... Qxd1 $2 {[#]} 25. Bd4 $1 $18 {[%mdl 512]}) 25. Ne3 $1 Qc3 {White must now prevent ...Qe5+.} 26. Qd7 Qe5+ 27. f4 Qe7 28. Qg4+ Kh8 29. Nf5 {[%csl Gf5][%cal Rg4g7]} Qf8 {aiming for ...Bc8.} 30. Qh4 {[#]} Re6 $1 31. Nd4 (31. Bxe6 fxe6) 31... Rd6 32. Nf5 {[#]} Re6 $1 33. Nd4 (33. Bxe6 fxe6) 33... Rd6 34. Nf5 {Accuracy: White = 78%, Black = 73%.} 1/2-1/2